| 000 | 01278nam a22001937a 4500 | ||
|---|---|---|---|
| 003 | IT-RoPau | ||
| 005 | 20220918181103.0 | ||
| 008 | 130404b xxu||||| |||| 00| 0 eng d | ||
| 040 | _cIT-RoPau | ||
| 100 |
_aSassi, Silvio _9511 |
||
| 245 |
_aBoletín oficial interno de la Sociedad de San Pablo _b"Progresad cada vez más" Carta del Superior General |
||
| 250 | _a1° ed | ||
| 260 |
_aRoma _bSSP Casa General _c2005 |
||
| 300 |
_a31 pp. _c21 cm |
||
| 490 | _aSSP | ||
| 500 | _aAno - n° 417 - Marzo de 2005 | ||
| 520 | _aĺndice Carta del Superior General "Progresad cada ves más": Presentación general Primera carta a los Tesalonicenses I. Introducción 1. La ciudad de Tesalónica 2. Fundación de la comunidad 3. Perfil de los cristianos de Tesalónica 4. La primera carta a los Tesalonicenses 5. Importancia de la carta II. La carta y sus principales temas 1. "Continuamente damos gracias a Dios..." (1,2 - 3,13) 2. "...os pedimos y os exhortamos en el nombre de Jesús, el Senor ..." (4,1 - 5,27) III. La carta en el P. Alberione y consecuencias para nosotros hoy 1. ¿Cómo leyó e interpretó el P. Alberione la primera carta a los Tesalonicenses? 2. Consecuencias para nosotros hoy en día IV. Pasos para una "lectio paulina" de la carta | ||
| 942 |
_2ddc _cBK |
||
| 999 |
_c98313 _d98313 |
||